| 000 | 00827cam a22002295a 4500 | ||
|---|---|---|---|
| 001 | ##L135995 | ||
| 008 | 080115s2008 xxk f 000 0 eng u | ||
| 020 | _a9781847033048 | ||
| 035 | _a(Sirsi) u135995 | ||
| 041 | 0 | _aeng | |
| 050 | 0 | 4 | _a336.2424 $2 18 |
| 100 | 1 | _aSherry, Michael | |
| 245 | 0 | 0 |
_aWhiteman on Capital Gains Tax _bseventeenth cumulative supplement to the fourth edition - up to date to September 30, 2007 |
| 250 | _a17th ed. | ||
| 260 |
_aLondon _bSweet and Maxwell _c2008 |
||
| 300 | 0 | 0 |
_axlix, 725p. _c25cm. |
| 520 | _aThis supplement brings "Whiteman on Capital Gains Tax" (ISBN 0421372605) up to date to September 30 2007. Includes extensive references to case law and statutes. | ||
| 650 | 2 | 4 | _aCAPITAL GAINS TAX |
| 690 | _aPROPERTY-PROPERTY TAXATION | ||
| 700 | 1 | _aRippon, Louise | |
| 942 | _n0 | ||
| 999 |
_c106276 _d106276 |
||